| 000 | 01346nam a22003970a 4500 | ||
|---|---|---|---|
| 001 | PT21245 | ||
| 003 | AR-LpoUNG | ||
| 005 | 20210131233000.0 | ||
| 008 | 191001s2001||||ag |||||||||||||||||spa d | ||
| 020 |
_a950923141X _c$7,4 |
||
| 040 |
_aAR-LpoUNG _bspa _cAR-LpoUNG _eaacr |
||
| 041 | _aspa | ||
| 044 | _aag | ||
| 082 | 0 | _a320.01 726teo | |
| 100 | 1 |
_aBorón, Atilio _ecomp. |
|
| 245 | 1 | 0 |
_aTeoría y filosofía política : _bla tradición clásica y las nuevas fronteras |
| 250 | _a2da. ed. | ||
| 260 |
_aBuenos Aires : _bCLACSO, _c2001. |
||
| 300 |
_a311 p. : _bfot. |
||
| 520 | _a<p>Intenta ser una invitación a recorrer el sendero de la filosofía política: una fecunda síntesis de su legado clásico y las recientes teorizaciones que exploran nuevas fronteras de la reflexión filosófico-política, como el multiculturalismo, la exclusión social y las cuestiones de género.</p> | ||
| 650 | 4 | _aANALISIS DE GENERO | |
| 650 | 4 | _aANALISIS HISTORICO | |
| 650 | 4 | _aANALISIS SOCIOLOGICO | |
| 650 | 4 | _aASPECTOS POLITICOS | |
| 650 | 4 | _aCAPITALISMO | |
| 650 | 4 | _aCIENCIA POLITICA | |
| 650 | 4 | _aCOMUNISMO | |
| 650 | 4 | _aDEMOCRACIA | |
| 650 | 4 | _aESTADO | |
| 650 | 4 | _aFILOSOFIA | |
| 650 | 4 | _aMARXISMO | |
| 650 | 4 | _aSISTEMA SOCIAL | |
| 651 | 4 | _aDOCUMENTOS TEORICOS O METODOLOGICOS | |
| 905 | _a21245 | ||
| 942 | _cLIB | ||
| 999 |
_c18511 _d18511 |
||